[Event "NDVM 2019 U14w"]
[Site "Kiel"]
[Date "2019.09.14"]
[Round "6.1"]
[White "Margaryan, Venera"]
[Black "Roncea, Andreea-Alexandra"]
[Result "0-1"]
[BlackElo "1677"]
[WhiteElo "1293"]
[LiveChessVersion "1.4.8"]

1. d4 {[%clk 1:30:58]} d5 {[%clk 1:30:55]} 2. c4 {[%clk 1:31:20]} e6
{[%clk 1:31:21]} 3. Nc3 {[%clk 1:31:39]} Nf6 {[%clk 1:31:44]} 4. Bg5
{[%clk 1:31:56]} Be7 {[%clk 1:32:02]} 5. e3 {[%clk 1:32:03]} O-O {[%clk 1:32:19]}
6. Nf3 {[%clk 1:32:13]} h6 {[%clk 1:31:27]} 7. Bh4 {[%clk 1:32:22]} b6
{[%clk 1:31:17]} 8. Bd3 {[%clk 1:32:25]} Bb7 {[%clk 1:31:27]} 9. h3
{[%clk 1:31:58]} Nbd7 {[%clk 1:30:57]} 10. cxd5 {[%clk 1:29:55]} Nxd5
{[%clk 1:30:42]} 11. Nxd5 {[%clk 1:28:51]} Bxd5 {[%clk 1:29:25]} 12. Bxe7
{[%clk 1:27:11]} Qxe7 {[%clk 1:29:28]} 13. Qe2 {[%clk 1:23:59]} c5
{[%clk 1:28:32]} 14. Rg1 {[%clk 1:19:27]} Rac8 {[%clk 1:28:19]} 15. Bc2
{[%clk 1:15:21]} Rc7 {[%clk 1:25:54]} 16. Qd3 {[%clk 1:13:18]} Nf6
{[%clk 1:23:57]} 17. Ne5 {[%clk 1:09:25]} Be4 {[%clk 1:20:02]} 18. Qd2
{[%clk 1:07:51]} Bxc2 {[%clk 1:15:27]} 19. Qxc2 {[%clk 1:01:40]} cxd4 20. Qd3
{[%clk 0:59:56]} dxe3 {[%clk 1:11:00]} 21. Qxe3 {[%clk 0:58:26]} Rc2
{[%clk 1:05:26]} 22. Qb3 {[%clk 0:57:43]} Rfc8 {[%clk 1:01:22]} 23. Rd1
{[%clk 0:56:42]} Qc5 {[%clk 0:58:04]} 24. Nd3 {[%clk 0:56:21]} Qh5
{[%clk 0:55:26]} 25. f3 {[%clk 0:52:13]} Nd5 {[%clk 0:53:51]} 26. Qa4
{[%clk 0:43:21]} Qg5 {[%clk 0:50:24]} 27. Qe4 {[%clk 0:29:42]} Qg3+
{[%clk 0:49:41]} 28. Kf1 {[%clk 0:28:50]} R8c4 {[%clk 0:48:52]} 29. Qe1
{[%clk 0:27:39]} Qg5 {[%clk 0:46:12]} 30. Ne5 {[%clk 0:19:29]} Ne3+
{[%clk 0:45:43]} 31. Qxe3 {[%clk 0:17:10]} Qxe3 {[%clk 0:45:39]} 32. Rd8+
{[%clk 0:17:09]} Kh7 {[%clk 0:45:59]} 0-1

[Event "NDVM 2019 U14w"]
[Site "Kiel"]
[Date "2019.09.14"]
[Round "6.2"]
[White "Zoellner, Bente"]
[Black "Daoud, Shahnaz"]
[Result "1-0"]
[BlackElo "1127"]
[WhiteElo "1619"]
[LiveChessVersion "1.4.8"]

1. d4 {[%clk 1:30:59]} d5 {[%clk 1:30:52]} 2. c4 {[%clk 1:31:24]} e6
{[%clk 1:31:16]} 3. Nc3 {[%clk 1:31:48]} Nf6 {[%clk 1:31:37]} 4. Bg5
{[%clk 1:32:06]} Nbd7 {[%clk 1:31:58]} 5. cxd5 {[%clk 1:32:17]} exd5
{[%clk 1:32:14]} 6. Nxd5 {[%clk 1:32:29]} Nxd5 {[%clk 1:32:19]} 7. Nf3
{[%clk 1:32:41]} Bb4+ {[%clk 1:29:37]} 8. Bd2 {[%clk 1:32:51]} Bxd2+
{[%clk 1:29:55]} 9. Qxd2 {[%clk 1:33:18]} N7f6 {[%clk 1:29:51]} 10. e3
{[%clk 1:32:58]} O-O {[%clk 1:29:50]} 11. Bd3 {[%clk 1:33:18]} Re8
{[%clk 1:29:26]} 12. a3 {[%clk 1:32:24]} a5 {[%clk 1:26:24]} 13. Rc1
{[%clk 1:29:09]} b6 {[%clk 1:25:19]} 14. Ne5 {[%clk 1:26:05]} Ng4
{[%clk 1:17:22]} 15. Bb5 {[%clk 1:23:42]} Rf8 {[%clk 1:16:47]} 16. Nc6
{[%clk 1:08:34]} Qd6 {[%clk 1:15:42]} 17. h3 {[%clk 1:07:29]} Ngf6
{[%clk 1:15:19]} 18. Ne5 {[%clk 1:00:15]} Nd7 {[%clk 1:10:03]} 19. Nf3
{[%clk 0:55:08]} Bb7 {[%clk 1:09:17]} 20. Bd3 {[%clk 0:53:14]} N7f6
{[%clk 1:08:57]} 21. Qc2 {[%clk 0:52:41]} h6 {[%clk 0:56:46]} 22. e4
{[%clk 0:44:21]} Qe6 {[%clk 0:51:40]} 23. Ne5 {[%clk 0:40:48]} Nf4
{[%clk 0:51:13]} 24. Bc4 {[%clk 0:38:57]} Bxe4 {[%clk 0:48:32]} 25. Bxe6
{[%clk 0:34:23]} Bxc2 {[%clk 0:48:37]} 26. Bxf7+ {[%clk 0:34:25]} Rxf7
{[%clk 0:48:28]} 27. Nxf7 {[%clk 0:33:55]} Nd3+ {[%clk 0:44:31]} 28. Kd2
{[%clk 0:34:07]} Nxc1 {[%clk 0:44:46]} 29. Rxc1 {[%clk 0:32:20]} Kxf7
{[%clk 0:43:56]} 30. Rxc2 {[%clk 0:32:33]} Rc8 {[%clk 0:44:01]} 31. b4
{[%clk 0:32:32]} axb4 {[%clk 0:43:52]} 32. axb4 {[%clk 0:32:54]} Nd5
{[%clk 0:41:56]} 33. b5 {[%clk 0:31:58]} Ne7 {[%clk 0:39:55]} 34. Kd3
{[%clk 0:30:53]} c6 {[%clk 0:39:57]} 35. bxc6 {[%clk 0:30:50]} Rxc6
{[%clk 0:40:15]} 36. Rb2 {[%clk 0:31:08]} Rd6 {[%clk 0:40:00]} 37. Ke4
{[%clk 0:31:03]} Ke6 {[%clk 0:38:16]} 38. Rb5 {[%clk 0:29:06]} Nc6
{[%clk 0:36:39]} 39. d5+ {[%clk 0:26:42]} Kd7 {[%clk 0:36:30]} 40. dxc6+
{[%clk 0:26:39]} Kxc6 {[%clk 0:36:50]} 41. Rb2 {[%clk 0:26:37]} Rd1
{[%clk 0:34:34]} 42. h4 {[%clk 0:26:16]} g5 {[%clk 0:34:41]} 43. h5
{[%clk 0:23:20]} Rd5 {[%clk 0:33:14]} 44. Rxb6+ {[%clk 0:21:48]} Kxb6
{[%clk 0:33:07]} 45. Kxd5 {[%clk 0:22:10]} Kc7 {[%clk 0:33:18]} 46. Ke6
{[%clk 0:22:21]} Kd8 {[%clk 0:33:21]} 47. Kf6 {[%clk 0:22:45]} Ke8
{[%clk 0:33:01]} 48. Kg6 {[%clk 0:23:06]} Ke7 {[%clk 0:33:27]} 49. Kxh6
{[%clk 0:22:49]} Kf6 {[%clk 0:33:50]} 50. g4 {[%clk 0:23:13]} Ke5
{[%clk 0:34:06]} 51. Kxg5 {[%clk 0:23:36]} Ke6 {[%clk 0:34:14]} 52. Kg6
{[%clk 0:23:59]} Ke7 {[%clk 0:34:29]} 53. h6 {[%clk 0:24:24]} Ke6
{[%clk 0:34:26]} 54. h7 {[%clk 0:24:46]} Ke5 {[%clk 0:34:53]} 55. h8=Q+
{[%clk 0:25:08]} Kf4 {[%clk 0:35:16]} 56. Qf6+ {[%clk 0:25:21]} Kxg4
{[%clk 0:35:36]} 57. Qf5+ {[%clk 0:25:43]} Kh4 {[%clk 0:35:51]} 58. Qg5+
{[%clk 0:26:03]} Kh3 {[%clk 0:36:10]} 59. Qg3# 1-0

[Event "NDVM 2019 U14w"]
[Site "Kiel"]
[Date "2019.09.14"]
[Round "6.3"]
[White "Thiele, Lea-Marie"]
[Black "Evering, Enna"]
[Result "1/2-1/2"]
[BlackElo "1604"]
[WhiteElo "1066"]
[LiveChessVersion "1.4.8"]

1. d4 {[%clk 1:30:56]} d5 {[%clk 1:29:55]} 2. e3 {[%clk 1:30:30]} Bf5
{[%clk 1:29:30]} 3. c3 {[%clk 1:27:42]} e6 {[%clk 1:27:55]} 4. Qb3
{[%clk 1:26:54]} Qc8 {[%clk 1:26:15]} 5. c4 {[%clk 1:22:54]} Nf6 {[%clk 1:21:49]}
6. Nc3 {[%clk 1:22:28]} c6 {[%clk 1:18:34]} 7. Nf3 {[%clk 1:20:30]} Nbd7
{[%clk 1:16:56]} 8. Bd2 {[%clk 1:03:45]} Be7 {[%clk 1:10:00]} 9. Be2
{[%clk 0:56:59]} O-O {[%clk 1:07:24]} 10. O-O {[%clk 0:55:00]} Qc7
{[%clk 0:58:24]} 11. Qd1 {[%clk 0:53:47]} Ne4 {[%clk 0:52:39]} 12. cxd5
{[%clk 0:48:00]} Nxd2 {[%clk 0:49:18]} 13. Qxd2 {[%clk 0:47:27]} exd5
{[%clk 0:45:58]} 14. Rac1 {[%clk 0:43:31]} Bd6 {[%clk 0:43:44]} 15. Nxd5
{[%clk 0:43:03]} Qd8 {[%clk 0:41:31]} 16. Nf4 {[%clk 0:41:30]} Bxf4
{[%clk 0:40:36]} 17. exf4 {[%clk 0:41:40]} Bg4 {[%clk 0:38:00]} 18. Rc3
{[%clk 0:37:43]} Nf6 {[%clk 0:35:55]} 19. Qc2 {[%clk 0:33:27]} Bxf3
{[%clk 0:35:32]} 20. Rxf3 {[%clk 0:33:28]} Qxd4 {[%clk 0:34:51]} 21. Rd1
{[%clk 0:32:45]} Qe4 {[%clk 0:33:02]} 22. Bd3 {[%clk 0:31:45]} Qe7
{[%clk 0:32:55]} 23. Rh3 {[%clk 0:31:45]} h6 {[%clk 0:33:10]} 24. Re3
{[%clk 0:24:15]} Qc7 {[%clk 0:31:59]} 25. Rde1 {[%clk 0:23:21]} Qxf4
{[%clk 0:29:17]} 26. Rf3 {[%clk 0:21:15]} Qd6 {[%clk 0:29:09]} 27. Qd2
{[%clk 0:20:43]} Qd5 {[%clk 0:27:57]} 28. Rg3 {[%clk 0:19:40]} Kh8
{[%clk 0:27:23]} 29. Ree3 {[%clk 0:18:34]} Qxa2 {[%clk 0:26:22]} 30. h3
{[%clk 0:18:08]} Rad8 {[%clk 0:26:21]} 31. Rxg7 {[%clk 0:17:35]} Rxd3
{[%clk 0:24:26]} 32. Rxd3 {[%clk 0:17:15]} Qb1+ {[%clk 0:22:45]} 33. Kh2
{[%clk 0:17:24]} Kxg7 {[%clk 0:22:50]} 34. Rg3+ {[%clk 0:17:43]} Kh7
{[%clk 0:22:35]} 35. Qd4 {[%clk 0:16:21]} Nh5 {[%clk 0:19:58]} 36. Rg4
{[%clk 0:16:16]} Rg8 {[%clk 0:18:32]} 37. Rxg8 {[%clk 0:15:37]} Kxg8
{[%clk 0:18:56]} 38. Qg4+ {[%clk 0:15:25]} Qg6 {[%clk 0:19:19]} 39. Qc8+
{[%clk 0:15:40]} Kg7 {[%clk 0:19:33]} 40. Qxb7 {[%clk 0:15:53]} a5
{[%clk 0:19:27]} 41. Qa7 {[%clk 0:15:41]} Qd6+ {[%clk 0:19:10]} 42. g3
{[%clk 0:15:56]} Qd2 {[%clk 0:18:58]} 43. b3 {[%clk 0:16:02]} Qb2
{[%clk 0:15:43]} 44. Qc5 {[%clk 0:15:50]} Qxb3 {[%clk 0:14:54]} 45. Qxh5
{[%clk 0:16:09]} a4 {[%clk 0:14:48]} 46. Qg4+ {[%clk 0:16:29]} Kh7
{[%clk 0:13:12]} 47. Qf5+ {[%clk 0:16:45]} Kg7 {[%clk 0:11:47]} 48. Qg4+
{[%clk 0:17:01]} Kh8 {[%clk 0:08:59]} 49. Qc8+ {[%clk 0:17:12]} 1/2-1/2

[Event "NDVM 2019 U14w"]
[Site "Kiel"]
[Date "2019.09.14"]
[Round "6.4"]
[White "Kube, Maja"]
[Black "Stelter, Finja"]
[Result "1/2-1/2"]
[BlackElo "929"]
[WhiteElo "930"]
[LiveChessVersion "1.4.8"]

1. e4 {[%clk 1:30:59]} e5 {[%clk 1:30:57]} 2. Nf3 {[%clk 1:31:24]} Nc6
{[%clk 1:31:24]} 3. Bc4 {[%clk 1:31:26]} Bc5 {[%clk 1:31:41]} 4. O-O
{[%clk 1:31:39]} d6 {[%clk 1:32:03]} 5. Nc3 {[%clk 1:31:45]} Bg4 {[%clk 1:32:13]}
6. h3 {[%clk 1:31:59]} Bh5 {[%clk 1:32:28]} 7. d3 {[%clk 1:31:33]} Nd4
{[%clk 1:32:06]} 8. g4 {[%clk 1:23:14]} Nxf3+ {[%clk 1:31:56]} 9. Qxf3
{[%clk 1:23:24]} Bg6 {[%clk 1:32:03]} 10. Be3 {[%clk 1:22:08]} Bb6
{[%clk 1:32:14]} 11. Rad1 {[%clk 1:11:55]} Qf6 {[%clk 1:31:25]} 12. Qxf6
{[%clk 1:06:29]} Nxf6 {[%clk 1:31:20]} 13. Nd5 {[%clk 1:04:11]} Nxd5
{[%clk 1:30:40]} 14. Bxd5 {[%clk 1:03:37]} c6 {[%clk 1:30:48]} 15. Bc4
{[%clk 1:02:22]} h5 {[%clk 1:31:02]} 16. g5 {[%clk 0:51:38]} f6 {[%clk 1:29:47]}
17. Rd2 {[%clk 0:44:51]} O-O-O {[%clk 1:25:23]} 18. Be6+ {[%clk 0:42:19]} Kc7
{[%clk 1:25:12]} 19. Bxb6+ {[%clk 0:40:42]} axb6 {[%clk 1:24:58]} 20. gxf6
{[%clk 0:39:09]} gxf6 {[%clk 1:25:09]} 21. Kh2 {[%clk 0:34:38]} Rhe8
{[%clk 1:24:36]} 22. Rg1 {[%clk 0:32:40]} Rxe6 {[%clk 1:18:49]} 23. Rxg6
{[%clk 0:28:24]} Kd7 {[%clk 1:17:28]} 24. Rg7+ {[%clk 0:26:52]} Re7
{[%clk 1:17:32]} 25. Rxe7+ {[%clk 0:26:14]} Kxe7 {[%clk 1:17:57]} 26. b3
{[%clk 0:23:53]} b5 {[%clk 1:18:00]} 27. f3 {[%clk 0:23:20]} Ra8 {[%clk 1:18:15]}
28. c4 {[%clk 0:22:57]} bxc4 {[%clk 1:17:28]} 29. dxc4 {[%clk 0:22:46]} Ke6
{[%clk 1:16:48]} 30. a4 {[%clk 0:22:20]} h4 {[%clk 1:16:33]} 31. Rd3
{[%clk 0:15:19]} Rd8 {[%clk 1:15:12]} 32. b4 {[%clk 0:11:27]} Rd7
{[%clk 1:13:01]} 33. b5 {[%clk 0:10:30]} c5 {[%clk 1:11:06]} 34. a5
{[%clk 0:09:09]} Rd8 {[%clk 1:09:18]} 35. a6 {[%clk 0:08:49]} bxa6
{[%clk 1:09:38]} 36. bxa6 {[%clk 0:09:08]} Ra8 {[%clk 1:09:52]} 37. Ra3
{[%clk 0:09:28]} Kd7 {[%clk 1:10:04]} 38. a7 {[%clk 0:09:01]} Kc7
{[%clk 1:10:12]} 39. Ra6 {[%clk 0:09:10]} Kd7 {[%clk 1:10:03]} 40. Kg2
{[%clk 0:08:34]} Ke6 {[%clk 1:10:21]} 41. Kf2 {[%clk 0:08:08]} f5
{[%clk 1:09:12]} 42. Ke2 {[%clk 0:07:47]} fxe4 {[%clk 1:05:33]} 43. fxe4
{[%clk 0:07:40]} Kd7 {[%clk 0:59:02]} 44. Kf3 {[%clk 0:07:34]} Rf8+
{[%clk 0:55:45]} 1/2-1/2

[Event "NDVM 2019 U14w"]
[Site "Kiel"]
[Date "2019.09.14"]
[Round "6.5"]
[White "Pikki, Daria"]
[Black "Berghold, Lotta"]
[Result "0-1"]
[BlackElo "1471"]
[WhiteElo "1210"]
[LiveChessVersion "1.4.8"]

1. e4 {[%clk 1:30:58]} b6 {[%clk 1:30:57]} 2. d4 {[%clk 1:31:21]} Bb7
{[%clk 1:31:23]} 3. Bd3 {[%clk 1:31:45]} Nf6 {[%clk 1:31:47]} 4. e5
{[%clk 1:31:25]} Bxg2 {[%clk 1:25:55]} 5. exf6 {[%clk 1:27:38]} exf6
{[%clk 1:22:53]} 6. Qe2+ {[%clk 1:19:57]} Qe7 {[%clk 1:21:17]} 7. Qxe7+
{[%clk 1:15:11]} Bxe7 {[%clk 1:21:38]} 8. Ne2 {[%clk 1:13:56]} Bxh1
{[%clk 1:21:45]} 9. Be3 {[%clk 1:11:22]} Bb7 {[%clk 1:20:36]} 10. Nd2
{[%clk 1:09:19]} Nc6 {[%clk 1:19:28]} 11. a3 {[%clk 1:07:57]} O-O-O
{[%clk 1:18:49]} 12. O-O-O {[%clk 1:06:49]} Bd6 {[%clk 1:15:37]} 13. h3
{[%clk 1:04:24]} Rde8 {[%clk 1:09:33]} 14. Kb1 {[%clk 0:58:44]} Nd8
{[%clk 1:02:16]} 15. Rg1 {[%clk 0:54:36]} g6 {[%clk 0:54:42]} 16. Nb3
{[%clk 0:49:17]} Kb8 {[%clk 0:35:44]} 17. Rd1 {[%clk 0:35:28]} Bf8
{[%clk 0:28:17]} 18. Nc3 {[%clk 0:31:20]} d5 {[%clk 0:19:21]} 19. Rg1
{[%clk 0:25:38]} h5 {[%clk 0:18:56]} 20. Bf4 {[%clk 0:23:02]} Ne6
{[%clk 0:17:07]} 21. Re1 {[%clk 0:18:54]} Bh6 {[%clk 0:15:45]} 22. Bg3
{[%clk 0:15:30]} Nf4 {[%clk 0:12:27]} 23. Rxe8+ {[%clk 0:13:13]} Rxe8
{[%clk 0:12:52]} 24. Bxf4 {[%clk 0:12:13]} Bxf4 {[%clk 0:13:15]} 25. Ka2
{[%clk 0:12:17]} c6 {[%clk 0:12:10]} 26. h4 {[%clk 0:10:12]} g5 {[%clk 0:10:59]}
27. hxg5 {[%clk 0:07:45]} fxg5 {[%clk 0:11:12]} 28. Ne2 {[%clk 0:06:25]} Bd6
{[%clk 0:10:43]} 29. Nbc1 {[%clk 0:05:05]} Bc8 {[%clk 0:09:34]} 30. Ng1
{[%clk 0:02:47]} g4 {[%clk 0:05:28]} 31. Nce2 {[%clk 0:01:48]} h4
{[%clk 0:04:19]} 0-1

[Event "NDVM 2019 U14w"]
[Site "Kiel"]
[Date "2019.09.14"]
[Round "6.6"]
[White "Mueller, Helene"]
[Black "Schmidt, Luise"]
[Result "1/2-1/2"]
[BlackElo "1219"]
[WhiteElo "1476"]
[LiveChessVersion "1.4.8"]

1. e4 {[%clk 1:30:58]} d5 {[%clk 1:30:42]} 2. exd5 {[%clk 1:31:22]} Qxd5
{[%clk 1:30:58]} 3. Nc3 {[%clk 1:31:45]} Qa5 {[%clk 1:31:22]} 4. d4
{[%clk 1:32:08]} c6 {[%clk 1:31:46]} 5. Bc4 {[%clk 1:32:16]} Bf5 6. Nf3
{[%clk 1:31:55]} Nf6 {[%clk 1:31:57]} 7. Bd2 {[%clk 1:31:39]} Qc7
{[%clk 1:32:04]} 8. O-O {[%clk 1:30:21]} e6 {[%clk 1:32:01]} 9. Bg5
{[%clk 1:25:59]} Nbd7 {[%clk 1:30:30]} 10. h3 {[%clk 1:25:27]} Bd6
{[%clk 1:27:38]} 11. Ne2 {[%clk 1:23:46]} O-O {[%clk 1:26:54]} 12. Bh4
{[%clk 1:23:20]} Qb6 {[%clk 1:11:32]} 13. Bb3 {[%clk 1:22:56]} Rfe8
{[%clk 1:07:11]} 14. Bg3 {[%clk 1:17:55]} Qc7 {[%clk 1:04:51]} 15. Bxd6
{[%clk 1:18:06]} Qxd6 {[%clk 1:04:42]} 16. Ng3 {[%clk 1:18:21]} Be4
{[%clk 0:57:20]} 17. Nxe4 {[%clk 1:17:59]} Nxe4 {[%clk 0:56:22]} 18. c3
{[%clk 1:16:11]} Nef6 {[%clk 0:51:36]} 19. Re1 {[%clk 1:08:44]} Rad8
{[%clk 0:46:38]} 20. Qc2 {[%clk 0:57:17]} Nb6 {[%clk 0:43:38]} 21. Rad1
{[%clk 0:56:50]} Qc7 {[%clk 0:40:16]} 22. Ng5 {[%clk 0:48:53]} g6
{[%clk 0:37:22]} 23. Ne4 {[%clk 0:48:28]} Qe7 {[%clk 0:32:10]} 24. c4
{[%clk 0:40:48]} c5 {[%clk 0:25:43]} 25. Nxc5 {[%clk 0:37:05]} Qc7
{[%clk 0:18:34]} 26. Ne4 {[%clk 0:36:21]} Nxe4 {[%clk 0:18:23]} 27. Rxe4
{[%clk 0:36:20]} Re7 {[%clk 0:17:14]} 28. d5 {[%clk 0:35:41]} exd5
{[%clk 0:16:06]} 29. Rxe7 {[%clk 0:35:29]} Qxe7 {[%clk 0:16:07]} 30. cxd5
{[%clk 0:35:42]} Qe5 {[%clk 0:15:11]} 31. Qd2 {[%clk 0:34:34]} Nc8
{[%clk 0:13:30]} 32. Re1 {[%clk 0:29:36]} Qc7 {[%clk 0:12:56]} 33. Qd4
{[%clk 0:23:44]} a6 {[%clk 0:12:06]} 34. Qc4 {[%clk 0:22:28]} Qd6
{[%clk 0:11:29]} 35. Rc1 {[%clk 0:19:12]} Nb6 {[%clk 0:10:42]} 36. Qc7
{[%clk 0:18:44]} Qf6 {[%clk 0:10:09]} 37. Qxb7 {[%clk 0:17:18]} Qxb2
{[%clk 0:09:36]} 38. Rc7 {[%clk 0:17:37]} Qa1+ {[%clk 0:09:35]} 39. Kh2
{[%clk 0:17:33]} Qe5+ {[%clk 0:09:45]} 40. g3 {[%clk 0:15:47]} Nxd5
{[%clk 0:09:17]} 41. Rc5 {[%clk 0:15:33]} Qe2 {[%clk 0:08:17]} 42. Bxd5
{[%clk 0:15:18]} Qxf2+ {[%clk 0:08:27]} 43. Bg2 {[%clk 0:14:48]} Qxc5
{[%clk 0:08:45]} 44. Qxa6 {[%clk 0:14:37]} Rd1 {[%clk 0:08:51]} 45. h4
{[%clk 0:10:06]} Rd2 {[%clk 0:08:49]} 46. Qa8+ {[%clk 0:07:12]} Kg7
{[%clk 0:09:08]} 47. Kh3 {[%clk 0:07:28]} g5 {[%clk 0:08:48]} 48. Qe4
{[%clk 0:06:17]} Qc8+ {[%clk 0:08:22]} 49. Kh2 {[%clk 0:05:11]} gxh4
{[%clk 0:07:50]} 50. Qxh4 {[%clk 0:05:08]} Rxa2 {[%clk 0:06:56]} 51. Qg5+
{[%clk 0:04:38]} Kf8 {[%clk 0:07:00]} 52. Qh6+ {[%clk 0:04:53]} Ke8
{[%clk 0:07:15]} 53. Qe3+ {[%clk 0:04:43]} Qe6 {[%clk 0:07:29]} 54. Qxe6+
{[%clk 0:04:50]} fxe6 {[%clk 0:07:51]} 55. Kh3 {[%clk 0:05:13]} Rxg2
{[%clk 0:07:48]} 56. Kxg2 {[%clk 0:05:35]} Kf7 {[%clk 0:08:11]} 57. Kf3
{[%clk 0:05:59]} Kf6 {[%clk 0:08:28]} 58. Kf4 {[%clk 0:05:57]} h6
{[%clk 0:08:36]} 59. Kg4 {[%clk 0:05:08]} e5 {[%clk 0:08:09]} 60. Kf3
{[%clk 0:05:19]} Kg5 {[%clk 0:08:02]} 61. g4 {[%clk 0:04:20]} e4+
{[%clk 0:08:15]} 62. Kg3 {[%clk 0:04:16]} e3 {[%clk 0:08:37]} 63. Kf3
{[%clk 0:04:41]} e2 {[%clk 0:08:24]} 64. Kxe2 {[%clk 0:04:53]} Kxg4
{[%clk 0:08:49]} 65. Kf2 {[%clk 0:05:16]} h5 {[%clk 0:08:37]} 66. Kg2
{[%clk 0:05:30]} h4 {[%clk 0:08:22]} 67. Kh2 {[%clk 0:04:44]} h3 {[%clk 0:08:43]}
68. Kg1 {[%clk 0:04:40]} Kg3 {[%clk 0:08:24]} 69. Kh1 {[%clk 0:05:02]} 1/2-1/2

[Event "NDVM 2019 U14w"]
[Site "Kiel"]
[Date "2019.09.14"]
[Round "6.7"]
[White "Belkina, Elisabeth"]
[Black "Kluehs, Isabel"]
[Result "1/2-1/2"]
[BlackElo "1312"]
[WhiteElo "1046"]
[LiveChessVersion "1.4.8"]

1. e4 {[%clk 1:30:46]} c5 {[%clk 1:30:54]} 2. Nf3 {[%clk 1:31:00]} Nc6
{[%clk 1:31:20]} 3. d4 {[%clk 1:29:37]} cxd4 {[%clk 1:31:43]} 4. Nxd4
{[%clk 1:29:15]} Nf6 {[%clk 1:32:09]} 5. Nc3 {[%clk 1:28:56]} e5 {[%clk 1:32:27]}
6. Nxc6 {[%clk 1:28:44]} bxc6 {[%clk 1:32:47]} 7. Bc4 {[%clk 1:27:06]} Bb7
{[%clk 1:32:28]} 8. O-O {[%clk 1:26:51]} Bc5 {[%clk 1:32:16]} 9. Be3
{[%clk 1:22:41]} Bxe3 {[%clk 1:30:00]} 10. fxe3 {[%clk 1:23:01]} d6
{[%clk 1:30:02]} 11. Qf3 {[%clk 1:16:33]} Qc8 12. Rad1 {[%clk 1:11:28]} Qd7
{[%clk 1:28:31]} 13. Qg3 {[%clk 1:04:10]} O-O {[%clk 1:28:47]} 14. Rxf6
{[%clk 1:03:29]} d5 {[%clk 1:24:53]} 15. exd5 {[%clk 1:03:18]} cxd5
{[%clk 1:25:15]} 16. Bxd5 {[%clk 1:02:10]} Bxd5 {[%clk 1:25:25]} 17. Nxd5
{[%clk 1:01:06]} Qb7 {[%clk 1:25:24]} 18. b3 {[%clk 0:58:31]} Kh8
{[%clk 1:24:06]} 19. Rf5 {[%clk 0:58:10]} Rad8 {[%clk 1:20:54]} 20. Rxe5
{[%clk 0:57:36]} Qa6 {[%clk 1:20:36]} 21. a4 {[%clk 0:56:29]} Qe2
{[%clk 1:20:46]} 22. Rc1 {[%clk 0:53:55]} Qd2 {[%clk 1:21:00]} 23. Rf1
{[%clk 0:45:49]} Rxd5 {[%clk 1:20:51]} 24. Rxd5 {[%clk 0:45:46]} Qxd5
{[%clk 1:21:01]} 25. h4 {[%clk 0:42:45]} Qd2 {[%clk 1:20:56]} 26. Rf2
{[%clk 0:42:07]} Qd1+ {[%clk 1:20:59]} 27. Kh2 {[%clk 0:42:18]} Qh5
{[%clk 1:21:08]} 28. Qd6 {[%clk 0:40:49]} Qxh4+ {[%clk 1:21:02]} 29. Kg1
{[%clk 0:40:42]} Kg8 {[%clk 1:21:22]} 30. Qa6 {[%clk 0:38:08]} Qe7
{[%clk 1:21:33]} 31. Rf3 {[%clk 0:37:00]} Qc5 {[%clk 1:21:25]} 32. c4
{[%clk 0:36:39]} h6 {[%clk 1:21:04]} 33. Kf1 {[%clk 0:35:24]} Qe7
{[%clk 1:20:26]} 34. Qa5 {[%clk 0:33:33]} Qd7 {[%clk 1:18:24]} 35. e4
{[%clk 0:32:09]} Qd1+ 36. Kf2 Qc2+ {[%clk 1:16:27]} 37. Kg3 {[%clk 0:30:44]} Qxe4
{[%clk 1:16:30]} 38. Qxa7 {[%clk 0:30:52]} Qe1+ {[%clk 1:16:26]} 39. Kh2
{[%clk 0:29:37]} Qe5+ {[%clk 1:15:53]} 40. Kg1 {[%clk 0:27:54]} Qe4
{[%clk 1:14:04]} 41. c5 {[%clk 0:26:16]} Qc6 {[%clk 1:10:16]} 42. b4
{[%clk 0:24:55]} Qd5 {[%clk 1:10:05]} 43. b5 {[%clk 0:23:22]} Qd4+
{[%clk 1:10:08]} 44. Kh1 {[%clk 0:21:45]} Qh4+ {[%clk 1:09:53]} 45. Kg1
{[%clk 0:20:34]} Qd4+ {[%clk 1:09:56]} 46. Rf2 {[%clk 0:19:00]} Qd1+
{[%clk 1:10:15]} 47. Kh2 {[%clk 0:17:11]} Qh5+ {[%clk 1:10:25]} 48. Kg3
{[%clk 0:16:52]} Qe5+ {[%clk 1:09:42]} 49. Kf3 {[%clk 0:15:33]} Qc3+
{[%clk 1:09:30]} 50. Ke4 {[%clk 0:14:46]} Qe1+ {[%clk 1:09:45]} 51. Kf3
{[%clk 0:14:52]} Qc3+ {[%clk 1:10:05]} 1/2-1/2

[Event "NDVM 2019 U14w"]
[Site "Kiel"]
[Date "2019.09.14"]
[Round "6.8"]
[White "Hafermann, Lara"]
[Black "Grigoryan, Nare"]
[Result "1-0"]
[BlackElo "827"]
[WhiteElo "800"]
[LiveChessVersion "1.4.8"]

1. d4 {[%clk 1:30:58]} d5 {[%clk 1:30:58]} 2. Nf3 {[%clk 1:31:27]} e6
{[%clk 1:31:10]} 3. e3 {[%clk 1:31:54]} c5 {[%clk 1:31:09]} 4. c3
{[%clk 1:32:10]} Nf6 {[%clk 1:31:21]} 5. Bd3 {[%clk 1:32:25]} Be7
{[%clk 1:31:34]} 6. Nbd2 {[%clk 1:32:42]} O-O {[%clk 1:31:54]} 7. O-O
{[%clk 1:33:02]} Nbd7 {[%clk 1:32:05]} 8. Re1 {[%clk 1:33:07]} c4
{[%clk 1:32:16]} 9. Bc2 {[%clk 1:33:07]} Qc7 {[%clk 1:32:24]} 10. h3
{[%clk 1:32:39]} e5 {[%clk 1:32:32]} 11. dxe5 {[%clk 1:32:46]} Nxe5
{[%clk 1:32:52]} 12. Nxe5 {[%clk 1:33:11]} Qxe5 {[%clk 1:33:13]} 13. Nf3
{[%clk 1:33:30]} Qc7 {[%clk 1:33:19]} 14. Bd2 {[%clk 1:32:51]} Ne4
{[%clk 1:33:23]} 15. b3 {[%clk 1:32:41]} Ng5 {[%clk 1:32:44]} 16. b4
{[%clk 1:32:27]} Bxh3 {[%clk 1:28:06]} 17. gxh3 {[%clk 1:32:50]} Nxh3+
{[%clk 1:28:27]} 18. Kf1 {[%clk 1:32:51]} g5 {[%clk 1:27:46]} 19. Nd4
{[%clk 1:32:18]} Qh2 {[%clk 1:27:31]} 20. Qf3 {[%clk 1:31:51]} g4
{[%clk 1:23:52]} 21. Qxg4+ {[%clk 1:32:03]} Ng5 {[%clk 1:24:04]} 22. e4
{[%clk 1:29:57]} f6 {[%clk 1:23:49]} 23. Ne6 {[%clk 1:29:32]} Kh8
{[%clk 1:23:15]} 24. Nxf8 {[%clk 1:29:40]} Rxf8 {[%clk 1:23:37]} 25. exd5
{[%clk 1:29:32]} Re8 {[%clk 1:23:17]} 26. Bf4 {[%clk 1:27:11]} Qh1+
{[%clk 1:22:56]} 27. Qg1 {[%clk 1:26:25]} Qxd5 {[%clk 1:22:45]} 28. Bxg5
{[%clk 1:26:31]} fxg5 {[%clk 1:23:06]} 29. Qh2 {[%clk 1:25:45]} Qf7
{[%clk 1:21:21]} 30. Qxh7+ {[%clk 1:22:48]} Qxh7 {[%clk 1:20:32]} 31. Bxh7
{[%clk 1:23:13]} Kxh7 {[%clk 1:20:55]} 32. Re6 {[%clk 1:23:12]} Kg7
{[%clk 1:20:52]} 33. Rae1 {[%clk 1:23:32]} Kf7 {[%clk 1:21:14]} 34. R1e4
{[%clk 1:23:44]} a6 {[%clk 1:20:03]} 35. a3 {[%clk 1:23:30]} g4 {[%clk 1:20:18]}
36. Kg2 {[%clk 1:23:44]} g3 {[%clk 1:17:27]} 37. fxg3 {[%clk 1:23:28]} Kf8
{[%clk 1:16:45]} 38. Rxc4 {[%clk 1:23:09]} b5 {[%clk 1:16:16]} 39. Rce4 Kf7
{[%clk 1:14:36]} 40. Rxa6 {[%clk 1:22:15]} Kg8 {[%clk 1:14:16]} 41. Rae6
{[%clk 1:22:06]} Kf7 {[%clk 1:14:24]} 42. R4e5 {[%clk 1:21:35]} Kf8
{[%clk 1:14:32]} 43. Rxb5 {[%clk 1:21:58]} Kf7 {[%clk 1:14:46]} 44. Rbe5
{[%clk 1:22:20]} 1-0